00448 2200181 4500001002100000005001500021008004100036020001800077035001900095041000700114082001400121090001600135100002900151245002300180260002600203300001900229650001800248INLIS00000000000519020241224113044241224||||||||| | ||| |||| || |  a979-1328-09-9 0010-1224005190 aid0 a741:05:00 a741.5 ARY E0 aARY GINANJAR AGUSTIN DKK00aESQ Comic for Kids bARGA PUBLISHINGc2008 a77 HLM,;20,6CM 0aILMU OLAHRAGA